000 01337cam a2200361 a 4500
001 15291571
003 OSt
005 20150408114012.0
008 080507s2009 maua b 001 0 eng
010 _a 2008020715
015 _aGBA8D6788
_2bnb
016 7 _a014845192
_2Uk
020 _a9780674031166 (alk. paper)
020 _a0674031164 (alk. paper)
035 _a(OCoLC)ocn225874255
035 _a(OCoLC)225874255
040 _aDLC
_cDLC
_dBTCTA
_dBAKER
_dYDXCP
_dUKM
_dC#P
_dBWX
_dCDX
_dIXA
_dMMU
_dDLC
050 0 0 _aQR41.2
_b.D88 2009
082 0 0 _a579
_222
100 1 _aDusenbery, David B.
_99843
245 1 0 _aLiving at micro scale :
_bthe unexpected physics of being small /
_cDavid B. Dusenbery.
260 _aCambridge, Mass. :
_bHarvard University Press,
_c2009.
300 _axxx, 416 p. :
_bill. ;
_c25 cm.
504 _aIncludes bibliographical references (p. 393-406) and index.
650 0 _aMicroorganisms.
_99844
650 0 _aPhysics.
650 1 2 _aBiophysics.
650 1 2 _aMicrobiology.
650 2 2 _aMicrobiological Phenomena.
_96614
856 4 1 _3Table of contents only
_uhttp://www.loc.gov/catdir/toc/ecip0818/2008020715.html
942 _2ddc
_cBOOK
999 _c21354
_d255854